000 00312nam a2200133Ia 4500
005 20251222155043.0
008 251222s9999||||xx |||||||||||||| ||spa||
082 _aEBA.44
100 _aINZA
245 0 _aAuxiliar de equipos modelos de cama, armarios.
250 _ano ed.
264 _bNo tiene
942 _cLIB
999 _c36982
_d36982